Field Study 1: (Record no. 478)

MARC details
000 -LEADER
fixed length control field 00634nam a22001817a 4500
005 - DATE AND TIME OF LATEST TRANSACTION
control field 20230607062050.0
008 - FIXED-LENGTH DATA ELEMENTS--GENERAL INFORMATION
fixed length control field 230109b |||||||| |||| 00| 0 eng d
020 ## - INTERNATIONAL STANDARD BOOK NUMBER
International Standard Book Number 978-971-9656-05-0
082 ## - DEWEY DECIMAL CLASSIFICATION NUMBER
Classification number Fil. 375.001 D321 2015
100 ## - MAIN ENTRY--PERSONAL NAME
Personal name De Guzman, Estefania S.
Relator term author
245 ## - TITLE STATEMENT
Title Field Study 1:
Remainder of title learner development in one's environment /
Statement of responsibility, etc. Estefania S. De Guzman
260 ## - PUBLICATION, DISTRIBUTION, ETC.
Place of publication, distribution, etc. Quezon City:
Name of publisher, distributor, etc. Adriana Publishing,
Date of publication, distribution, etc. c2015.
300 ## - PHYSICAL DESCRIPTION
Extent xx, 58p.;
Other physical details ill.
490 ## - SERIES STATEMENT
Series statement OBE outcome-based handbook
504 ## - BIBLIOGRAPHY, ETC. NOTE
Bibliography, etc. note Includes bibliographies
541 ## - IMMEDIATE SOURCE OF ACQUISITION NOTE
Accession number 4780 c.1, 4781 c.2, 4782 c.3, 4783 c.4, 4784 c.5
650 ## - SUBJECT ADDED ENTRY--TOPICAL TERM
Topical term or geographic name entry element Education - Curricula
Holdings
Withdrawn status Lost status Source of classification or shelving scheme Damaged status Not for loan Home library Current library Date acquired Total Checkouts Full call number Barcode Date last seen Copy number Price effective from Koha item type Date due Date last checked out
    Dewey Decimal Classification     ctu-moalboal ctu-moalboal 05/06/2016   Fil. 375.001 D321 2015 4780 01/09/2023 1 01/09/2023 Books-Filipiniana    
    Dewey Decimal Classification     ctu-moalboal ctu-moalboal 05/06/2016   Fil. 375.001 D321 2015 4781 01/09/2023 2 01/09/2023 Books-Filipiniana    
    Dewey Decimal Classification     ctu-moalboal ctu-moalboal 05/06/2016   Fil. 375.001 D321 2015 4782 01/09/2023 3 01/09/2023 Books-Filipiniana    
    Dewey Decimal Classification     ctu-moalboal ctu-moalboal 05/06/2016   Fil. 375.001 D321 2015 4783 01/09/2023 4 01/09/2023 Books-Filipiniana    
    Dewey Decimal Classification     ctu-moalboal ctu-moalboal 05/06/2016 1 Fil. 375.001 D321 2015 4784 09/15/2023 5 01/09/2023 Books-Filipiniana 09/29/2023 09/15/2023